Olbia Costa Smeralda Airport Destinations (Olbia, Italy) - Map - Statistics

General Stats
  • This quiz has been taken 24 times
  • The average score is 69 of 76
Answers on the Map
Answers color-coded by a green-red scale on the quiz's map according to % correct below.
 
Answer Stats
Destination % Correct
Amsterdam
100%
Athens
100%
Barcelona
100%
Basel/Mulhouse
100%
Berlin
100%
Bristol
100%
Cologne/Bonn
100%
Copenhagen
100%
Dublin
100%
Düsseldorf
100%
Edinburgh
100%
Frankfurt
100%
Geneva
100%
Genoa
100%
Hamburg
100%
Kraków
100%
London (City)
100%
London (Gatwick)
100%
London (Heathrow)
100%
London (Luton)
100%
London (Stansted)
100%
Lyon
100%
Madrid
100%
Manchester
100%
Milan (Linate)
100%
Milan (Malpensa)
100%
Munich
100%
Naples
100%
New York (JFK)
100%
Nice
100%
Paris (Charles de Gaulle)
100%
Paris (Orly)
100%
Pisa
100%
Prague
100%
Riga
100%
Rome (Ciampino)
100%
Rome (Fiumicino)
100%
Sofia
100%
Stockholm (Arlanda)
100%
Stuttgart
100%
Toulouse
100%
Turin
100%
Vienna
100%
Zürich
100%
Bari
94%
Birmingham
94%
Bordeaux
94%
Bratislava
94%
Brussels
94%
Lille
94%
Marseille
94%
Nantes
94%
Oslo
94%
Palermo
94%
Salzburg
94%
Bologna
88%
Cluj-Napoca
88%
Florence
88%
Venice
88%
Bergamo
82%
Brest
82%
Charleroi
82%
Eindhoven
82%
Hannover
82%
Trieste
82%
Verona
82%
Beauvais
76%
Bolzano
76%
Ancona
65%
Perugia
65%
Timișoara
65%
Parma
53%
Figari
41%
Forlì
41%
Deauville
18%
Strasbourg
18%
No matching quizzes found
Score Distribution
Percent of People with Each Score
Percentile by Number Answered
Your Score History
You have not taken this quiz